Kimsaqallqu: Aymara jarawinaka taqpacha wawanakataki

Збережено в:
Бібліографічні деталі
Співавтор: Teatro de Tierra (Автор)
Формат: Книга
Мова:Іспанська
Аймара
Опубліковано: Santiago Pehuén 2006
Редагування:1a. ed
Предмети:
Теги: Додати тег
Немає тегів, Будьте першим, хто поставить тег для цього запису!

MARC

LEADER 00000nam a2200000 a 4500
001 UCH2557
003 CL-VaPUC
008 090618e20060000CL |||||||||||||||||spa|d
020 |a 9789561604148 
041 0 7 |a spa  |2 CL-VaPUC 
041 0 7 |a aym  |2 CL-VaPUC 
082 0 4 |a 863  |b TEA  |2 21 
110 2 |a Teatro de Tierra  |e author  |9 537424 
245 1 0 |a Kimsaqallqu: Aymara jarawinaka taqpacha wawanakataki 
246 1 0 |a Kimsaqallqu: cuentos aymara para los niños del mundo 
250 |a 1a. ed 
300 |a pág. irreg 
942 |c BK 
945 |d 20090618 00:00:00  |a cmena 
260 |a Santiago  |b Pehuén  |c 2006 
650 0 |a Cuentos chilenos   |9 308280 
650 0 |a Tradición oral   |9 321175 
650 7 |a LEYENDAS AYMARAS  |2 CL-VaPUC  |9 537425 
650 0 |a Literatura infantil   |9 307465 
583 |a last modification  |c 20090618 00:00:00  |k Rodrigo Vera 
999 |c 334283  |d 334281 
952 |0 0  |1 0  |4 0  |6 863_000000000000000_TEA_2006  |7 0  |8 C  |9 423243  |a BIBCUR  |b BIBCUR  |d 2019-11-22  |i 4554396  |o 863 TEA 2006  |p 4554396  |r 2025-04-22  |w 2019-11-22  |y BK  |k CAC